| 000 | 00543nam a22001817a 4500 | ||
|---|---|---|---|
| 003 | 0 | ||
| 005 | 20230619092532.0 | ||
| 008 | 230619b xxu||||| |||| 00| 0 eng d | ||
| 020 | _a971-630-006-9 | ||
| 082 |
_aFil. 675.8 _b.La358 1992 |
||
| 245 |
_aApolinario Mabini _cLatorre, Stephen |
||
| 260 |
_aMakati City _bTahanan Books for Young Readers _cc1992 |
||
| 300 |
_a32pp. _bill. _c25cm. |
||
| 500 | _aMabini, Apolinario | ||
| 500 | _aHeroes-Philippines-Biography.I | ||
| 504 | _aIncludes bibliographical reference. | ||
| 942 |
_2ddc _cBK |
||
| 999 |
_c365003 _d365003 |
||